000 00473nam a2200181Ia 4500
005 20250423094522.0
008 250422s9999 xx 000 0 und d
020 _a978118988978
050 _aSF 765 .K56/
100 _aKimberlin, Larry
245 0 _aAtlas of clinical imaging and and anatomy of the equine head
260 _aChichester
260 _bJohn Wiley & Sons, Inc.
260 _c2017
300 _a154 p
650 _a Horses--Anatomy.
942 _cBK
999 _c27476
_d27476